|
|
|
|
| LEADER |
01037nam a2200337 a 4500 |
| 001 |
000041630 |
| 003 |
18689 |
| 005 |
20240822083704.0 |
| 008 |
171030s1999 |
| 020 |
|
|
|a 0729532186
|
| 040 |
|
|
|a lnn
|c lnn
|d lnn
|
| 041 |
0 |
|
|a eng
|
| 082 |
1 |
4 |
|a 410
|b FR-V
|
| 100 |
1 |
|
|a Fromkin, Victoria A.
|
| 245 |
0 |
3 |
|a An introduction to language /
|c Victoria A. Fromkin.
|
| 250 |
|
|
|a 4th ed.
|
| 260 |
|
|
|a Marrickville :
|b Harcourt Australia,
|c 1999.
|
| 300 |
|
|
|a xvi, 558p. :
|b ill.
|
| 630 |
0 |
4 |
|a Linguistics.
|
| 650 |
0 |
4 |
|a Linguistics.
|
| 650 |
0 |
4 |
|a Language and languages.
|
| OWN |
|
|
|a LNN
|
| AVA |
|
|
|a UDN50
|b LNN
|c English
|d 410 In-L
|e available
|t Error 5001 Not defined in file expand_doc_bib_avail.
|f 7
|g 4
|h N
|i 1
|j AN
|
| 999 |
|
|
|a From the UDN01
|
| AVA |
|
|
|a UDN50
|b LNN
|c English
|d 410 In-L
|e available
|t Error 5001 Not defined in file expand_doc_bib_avail.
|f 7
|g 4
|h N
|i 1
|j AN
|
| TYP |
|
|
|a Monograph
|
| TYP |
|
|
|a Printed language
|
| 980 |
|
|
|a Mạng thư viện Đại học Đà Nẵng
|